1990 1629 1492 1182 1238 1146 1842 1519 1930 1823 1781 1880 1836 1271 1417 1459 1040 1637 1717 1578 1227 1729 1926 1599 1962 1503 1662 1731 1478 1362 1814 1302 1910 1386 1759 1581 1688 1053 1557 1470 1074 1261 1356 1233 1994 1729 1417 1661 1971 1953 1011 1715 1844 1314 1421 1921 1758 1231 1174 1947 1059 1974 1707 1803 1681 1407 1289 1392 1892 1535 1490 1809 1637 1360 1505 1979 1983 1041 1586 1368 1600 1961 1898 1022 1058 1103 1012 1796 1953 1461 1463 1021 1391 1135 1907 1245 1278 1395 1558 BCNSPRNW ULIB Ver.6.0+V

เปลี่ยนเป็นภาษาไทย

Change to English
 แสดงรายละเอียดบรรณานุกรม
  กลับหน้าหลัก

Brief Record : Get Marc (ISO 2709) : E-mail record : QR code < ปิดหน้าต่าง
LEADER : 00000nam 2200000uu 4500
001    13399112370
003     ULIB
008    110627s2551||||th 000 0 tha d
020    9789740693352
090    นว.^bพ681ซ 2551
100 0  พินกี้ พราว
245 00 ซ่อนรักไว้เพื่อ...นายเพื่อนสินท/^cพินกี้ พราว
250    พิมพ์ครั้งที่ 1
260    กรุงเทพฯ :^bพิมพ์ใจ,^c2551
300    300 หน้า
710 1  พิมพ์ใจ
945    ^p196^l0^i023611
995    ทศพร
999 ^a ใช้งานได้ทุกระบบ
รายการนี้ยังไม่มีแท็ก
คุณยังไม่ได้ล็อกอิน คุณสามารถมีกิจกรรมร่วมกับเว็บไซต์ได้ แต่ต้องล็อกอินก่อน ::
  ล็อกอิน

รายการสื่อสารสนเทศ

ลำดับที่ ประเภท เลขเรียก/บาร์โค้ด สถานที่ สถานะ
- ไม่พบข้อมูล -

BibComment


ยังไม่เคยถูกคอมเมนท์

คอมเมนท์ทรัพยากรรายการนี้
  คอมเมนท์: ซ่อนรักไว้เพื่อนา..


 Copyright 2026. Bcnsprnw @Library